000 00725nam a22001697a 4500
008 161110b xxu||||| |||| 00| 0 eng d
050 _aBX1795.H66H768
110 _aGordon,Kevin
_eed.
_927408
245 _aHomosexuality and social justice
_b:reissue of the report of the task force on gay /lesbian issues,San Francisco
_c/edited by Kevin Gordon and Task force on gay/lesbian issues
250 _arev. ed.
260 _aSan Francisco
_bConsultaion on Homosexuality, Social Justice and Roman catholic Theology
_c1986
300 _avi,239p.;
_c22cm.
650 _aCatholic church
_xHomosexuality
_927409
710 _aGordon, Kevin
_eed.
_927410
710 _aTask force on gay /lesbian issues
_927411
942 _2lcc
_cMONOGRAPH
999 _c125713
_d125713